LDR 00868naa#a2200229#i#450# 001 EN\\bibl\125991 005 20260630051530.2 011 ## _a2077-7566 100 ## _a20260629b2026####ek#y0engy0150####ca 101 0# _aRUS 102 ## _aRU 200 1# _aCOMPARATIVE CHARACTERISTICS OF CLINICAL RESULTS OF CONDUCTION ANESTHESIA IN THE AREA OF THE INFRAORBITAL FORAMEN USING TRADITIONAL AND DIGITAL PLANNING APPROACHES _eJournal article 210 1# _aEkaterinburg _cTIRAZH Publishing House _d2026 215 ## _a6 с. 608 ## _aJournal article _2local 675 ## _aМедицина. Охрана здоровья. Пожарное дело. 61 _zRUS 686 ## _aКлиническая медицина. 76.29 _2grnti 700 #1 _aKoblov _gDmitry A. 700 #1 _aLapina _gNatalia V. 700 #1 _aOvcharenko _gEvgeniya S. 700 #1 _aBondarenko _gNikolay A. 856 4# _adental-press.ru _u